书目信息 |
| 题名: |
现代自身免疫病学
|
|
| 作者: | 孔海云主编 | |
| 分册: | ||
| 出版信息: | 北京 人民军医出版社 1996. 7 |
|
| 页数: | 647页 | |
| 开本: | 16开 | |
| 丛书名: | ||
| 单 册: | ||
| 中图分类: | R593.2 | |
| 科图分类: | ||
| 主题词: | 全身性疾病 | |
| 电子资源: | ||
| ISBN: | 7-80020-642-4 | |
| 000 | 00543nam0 2200181 45 | |
| 001 | 9911301546 | |
| 005 | 19991130153732.1 | |
| 010 | @a7-80020-642-4@d68.00 | |
| 100 | @a19991130d1996 km y0chiy0120 ea | |
| 101 | @achi | |
| 105 | @a z 000yy | |
| 200 | 1 | @a现代自身免疫病学@AXian Dai Zi Shen Mian Yi Bing Xue@f孔海云主编@FKong Hai Yun Zhu Bian |
| 210 | @a北京@c人民军医出版社@d1996. 7 | |
| 215 | @a647页@c无图表@d16开 | |
| 606 | 0 | @a全身性疾病 |
| 690 | @aR593.2@v3 | |
| 801 | @aCN@bPerfectUser@c19991130 | |
| 905 | @aBZT@b49431-433@f5@dR593.2@e1 | |
| 现代自身免疫病学/孔海云主编.-北京:人民军医出版社,1996. 7 |
| 647页:无图表;16开 |
| ISBN 7-80020-642-4:68.00 |
| ● |
| 相关链接 |
|
|
|
正题名:现代自身免疫病学
索取号:R593.2/1
 
预约/预借
| 序号 | 登录号 | 条形码 | 馆藏地/架位号 | 状态 | 备注 |
| 1 | 49431 | 200619198 | 中心书库中库/ 中库008架B面7列5层1/ [索取号:R593.2/1] | 在馆 | |
| 2 | 49432 | 200619241 | 中心书库中库/ 中库010架B面5列3层19/ [索取号:R593.2/1] | 在馆 | |
| 3 | 49433 | 200619223 | 中心书库中库/ 中库010架B面5列3层18/ [索取号:R593.2/1] | 在馆 | |
| 4 | 69002 | 200619189 | 中心书库中库/ 中库010架B面5列3层17/ [索取号:R593.2/1] | 在馆 | |
| 5 | 69003 | 200619205 | 中心书库中库/ 中库010架B面5列3层20/ [索取号:R593.2/1] | 在馆 |